Normal view
MARC view
- Fazli Hakim Khattak
Entry Personal Name
001 - CONTROL NUMBER
- control field: 46449
003 - CONTROL NUMBER IDENTIFIER
- control field: NUST
005 - DATE AND TIME OF LATEST TRANSACTION
- control field: 20210314133527.0
008 - FIXED-LENGTH DATA ELEMENTS
- fixed length control field: 210314|| aca||aabn | a|a d
040 ## - CATALOGING SOURCE
- Original cataloging agency: NUST
- Transcribing agency: NUST
100 ## - HEADING--PERSONAL NAME
- Personal name: Fazli Hakim Khattak
670 ## - SOURCE DATA FOUND
- Source citation: Work cat.: (NUST): Fazli Hakim Khattak, Health Economics and Planning in Pakistan
